[Event "Osijek OBZ Cup 2nd"]
[Site "Osijek"]
[Date "2009.03.15"]
[Round "5.1"]
[White "Riba, Enriko"]
[Black "Vlaicevic, Marin"]
[Result "1/2-1/2"]
[WhiteElo "1704"]
[BlackElo "1936"]
[PlyCount "120"]
[EventDate "2009.03.13"]
[EventType "team-tourn"]
[EventRounds "5"]
[EventCountry "CRO"]
[SourceTitle "EXT 2011"]
[Source "ChessBase"]
[SourceDate "2010.11.26"]
[SourceVersion "1"]
[SourceVersionDate "2010.11.26"]
[SourceQuality "1"]

1. e4 c6 2. d4 d5 3. exd5 cxd5 4. Bd3 Nf6 5. Nf3 Bg4 6. 0-0 e6 7. Bg5 Be7 8. Nbd2 0-0 9. c3 h6 10. Bh4 Nbd7 11. Qc2 Qc7 12. Bg3 Bd6 13. Bxd6 Qxd6 14. Rae1 Bxf3 15. Nxf3 Qf4 16. Ne5 Nxe5 17. dxe5 Nd7 18. g3 Qg5 19. h4 Qd8 20. Qe2 Qb6 21. Bc2 f5 22. exf6 Rxf6 23. Qd3 Nf8 24. Bb3 a5 25. Qd4 Qxd4 26. cxd4 Rf3 27. Kg2 Rd3 28. Rd1 Rxd1 29. Rxd1 Rc8 30. f4 b5 31. Rd2 a4 32. Bd1 Kf7 33. Rc2 Rc4 34. Rd2 Rc1 35. a3 Nd7 36. Be2 b4 37. Bb5 bxa3 38. bxa3 Nb6 39. Rb2 Nc4 40. Rb4 Nxa3 41. Bxa4 Rc4 42. Rb7+ Kf6 43. Be8 Kf5 44. Rxg7 Rxd4 45. Rf7+ Ke4 46. Re7 Kf5 47. Rf7+ Ke4 48. Rf6 Rd2+ 49. Kh3 e5 50. Bg6+ Kd4 51. fxe5 Kxe5 52. Rf5+ Ke6 53. g4 d4 54. g5 hxg5 55. h5 Rd1 56. Rxg5 d3 57. Bxd3 Rxd3+ 58. Kg4 Nc4 59. h6 Ne5+ 60. Kf4 Rd4+ 1/2-1/2